2º medio Matemática. Cuaderno de actividades.

Furkejuvvon:
Bibliográfalaš dieđut
Váldodahkki: Díaz Valenzuela, Eduardo (autor)
Eará dahkkit: Ortiz Solís, Natalia (autora), Morales Valderrama, Katherine (autora), Verdejo Lagunas, Arlette (autora)
Materiálatiipa: Girji
Almmustuhtton: Santiago, Chile: SM, 2020.
Fáttát:
Fáddágilkorat: Lasit fáddágilkoriid
Eai fáddágilkorat, Lasit vuosttaš fáddágilkora!

MARC

LEADER 00000nam a22000007a 4500
003 CL-VaPUC
005 20220816123620.0
008 220816t2020 ||||| |||| 00| 0 eng d
999 |c 438327  |d 438325 
020 |a 9789564030791 
040 |c Pontificia Universidad Católica de Valparaíso 
082 7 |a 510.712 DIA 2020  |2 22 
100 |a Díaz Valenzuela, Eduardo  |e autor  |9 875568 
245 |a 2º medio Matemática.   |b Cuaderno de actividades.  
260 |a Santiago, Chile:   |b SM,   |c 2020. 
300 |a 158 páginas.  
583 |c 20220816  |k Cristina María Rojas Aguilar 
650 |a Enseñanza de las matemáticas  |x Educación media  |9 875562 
700 |a Ortiz Solís, Natalia   |e autora  |9 875542 
700 |a Morales Valderrama, Katherine  |e autora  |9 875541 
700 |a Verdejo Lagunas, Arlette  |e autora  |9 875569 
942 |2 ddc  |c BK  |n 1 
952 |0 0  |1 0  |2 ddc  |4 0  |6 510_712000000000000_DIA_2020  |7 0  |8 A  |9 586229  |a BIBMAT  |b BIBMAT  |c E_DIDACT  |d 2022-08-16  |i 5654184  |o 510.712 DIA 2020  |p 5654184  |r 2025-01-07  |t 1  |w 2022-08-16  |y BK  |k MAT